FFTC Research Highlights (Record no. 435)
[ view plain ]
| 000 -LEADER | |
|---|---|
| fixed length control field | 01052nam a22002657a 4500 |
| 001 - CONTROL NUMBER | |
| control field | 03049 |
| 003 - CONTROL NUMBER IDENTIFIER | |
| control field | HDC |
| 007 - PHYSICAL DESCRIPTION FIXED FIELD--GENERAL INFORMATION | |
| fixed length control field | cr bn ---aaaaa |
| 008 - FIXED-LENGTH DATA ELEMENTS--GENERAL INFORMATION | |
| fixed length control field | 201227b20012001tai||||| |||| 00| 0 eng d |
| 040 ## - CATALOGING SOURCE | |
| Original cataloging agency | HDC |
| 110 ## - MAIN ENTRY--CORPORATE NAME | |
| Corporate name or jurisdiction name as entry element | Food and Fertilizer Technology Center (FFTC) |
| 245 #0 - TITLE STATEMENT | |
| Title | FFTC Research Highlights |
| Remainder of title | : Protechnique of processing flavoured teas using chun mee and sow mee green tea materials |
| Statement of responsibility, etc. | / Center for Tea and Quinine Research |
| 260 ## - PUBLICATION, DISTRIBUTION, ETC. | |
| Place of publication, distribution, etc. | Taiwan: |
| Name of publisher, distributor, etc. | Food and Fertilizer Technology Center, |
| Date of publication, distribution, etc. | 2001 |
| 300 ## - PHYSICAL DESCRIPTION | |
| Extent | 1 online resource (2 pages) |
| 336 ## - CONTENT TYPE | |
| Content type term | text |
| Source | rdacontent |
| 337 ## - MEDIA TYPE | |
| Media type term | computer |
| Source | rdamedia |
| 338 ## - CARRIER TYPE | |
| Carrier type term | online computer |
| Source | rdacarrier |
| 500 ## - GENERAL NOTE | |
| General note | Extract from: FFTC Research Highlights, July 2001 |
| 650 ## - SUBJECT ADDED ENTRY--TOPICAL TERM | |
| Topical term or geographic name entry element | Tea |
| 9 (RLIN) | 1793 |
| 710 ## - ADDED ENTRY--CORPORATE NAME | |
| Corporate name or jurisdiction name as entry element | Center for Tea and Quinine Research (Indonesia) |
| Relator term | author |
| 856 ## - ELECTRONIC LOCATION AND ACCESS | |
| Public note | Request full-text at [email protected] |
| 942 ## - ADDED ENTRY ELEMENTS (KOHA) | |
| Source of classification or shelving scheme | Library of Congress Classification |
| 942 ## - ADDED ENTRY ELEMENTS (KOHA) | |
| Koha item type | Articles |
| 942 ## - ADDED ENTRY ELEMENTS (KOHA) | |
| Call number prefix | EMAG 000161 |
| Withdrawn status | Lost status | Source of classification or shelving scheme | Damaged status | Not for loan | Home library | Current library | Shelving location | Date acquired | Total checkouts | Full call number | Date last seen | Price effective from | Koha item type |
|---|---|---|---|---|---|---|---|---|---|---|---|---|---|
| Library of Congress Classification | Halal Development Corporation Library | Halal Development Corporation Library | Open Shelves | 24/05/2023 | EMAG 000161 | 24/05/2023 | 24/05/2023 | Articles |
